[Event "Bratislava Slovan op"]
[Site "Bratislava"]
[Date "2014.05.03"]
[Round "9"]
[White "Klacik, Ondrej"]
[Black "Straka, Ivan"]
[Result "0-1"]
[WhiteElo "1371"]
[BlackElo "1623"]
[PlyCount "76"]
[EventDate "2014.04.26"]
[EventType "swiss"]
[EventRounds "9"]
[EventCountry "SVK"]
[SourceTitle "CBM 160 Extra"]
[Source "ChessBase"]
[SourceDate "2014.07.01"]
[SourceVersion "1"]
[SourceVersionDate "2014.07.01"]
[SourceQuality "1"]

1. e4 d5 2. exd5 Qxd5 3. Nc3 Qa5 4. a3 e6 5. Qe2 Nf6 6. Qb5+ Qxb5 7. Nxb5 Na6 8. d3 c6 9. Nc3 h6 10. h3 Be7 11. d4 0-0 12. Bxa6 bxa6 13. b4 Rd8 14. Nge2 Nd5 15. Nxd5 Rxd5 16. Bb2 a5 17. c4 Rg5 18. 0-0 axb4 19. h4 Ra5 20. c5 bxa3 21. h5 e5 22. Bc3 Rb5 23. Rxa3 exd4 24. Nxd4 Rxc5 25. Bb4 Rc4 26. Bxe7 Rxd4 27. f3 a6 28. Re1 Be6 29. g3 a5 30. Rea1 a4 31. Rb1 Bd5 32. f4 Re8 33. Bc5 Rc4 34. Bd6 Re2 35. Kf1 Rcc2 36. Rxa4 Rh2 37. Rb8+ Kh7 38. Kg1 Rh1# 0-1

[Event "Bratislava Slovan op"]
[Site "Bratislava"]
[Date "2014.04.26"]
[Round "1"]
[White "Klacik, Ondrej"]
[Black "Kucera, Michal"]
[Result "0-1"]
[WhiteElo "1371"]
[BlackElo "1921"]
[PlyCount "56"]
[EventDate "2014.04.26"]
[EventType "swiss"]
[EventRounds "9"]
[EventCountry "SVK"]
[SourceTitle "CBM 160 Extra"]
[Source "ChessBase"]
[SourceDate "2014.07.01"]
[SourceVersion "1"]
[SourceVersionDate "2014.07.01"]
[SourceQuality "1"]

1. e4 c5 2. Nf3 Nc6 3. Nc3 d6 4. h3 e6 5. a3 Nf6 6. g4 d5 7. e5 Nd7 8. d4 cxd4 9. Nxd4 Ndxe5 10. Nxc6 Nxc6 11. h4 h6 12. g5 hxg5 13. Bxg5 Be7 14. Qg4 Bxg5 15. h5 Bf6 16. 0-0-0 Bxc3 17. bxc3 Qf6 18. Qg3 Bd7 19. Bg2 0-0-0 20. Rd2 g5 21. Rd3 Ne5 22. Rd4 Nc4 23. f4 g4 24. Rh4 Qe7 25. Bh1 f5 26. Rh2 Bb5 27. Qg2 Qxa3+ 28. Kd1 Ne3+ 0-1

[Event "Bratislava Doprastav op"]
[Site "Bratislava"]
[Date "2008.07.02"]
[Round "6"]
[White "Ballo, Juraj"]
[Black "Klacik, Ondrej"]
[Result "0-1"]
[WhiteElo "1350"]
[BlackElo "1453"]
[PlyCount "128"]
[EventDate "2008.06.28"]
[EventType "swiss"]
[EventRounds "7"]
[EventCountry "SVK"]
[SourceTitle "CBM 125 Extra"]
[Source "ChessBase"]
[SourceDate "2008.09.01"]
[SourceVersion "1"]
[SourceVersionDate "2008.09.01"]
[SourceQuality "1"]

1. d4 d5 2. c4 c6 3. Bf4 Nf6 4. e3 Bf5 5. Nc3 Ne4 6. Nxe4 Bxe4 7. Rc1 Qb6 8. b3 Qa5+ 9. Qd2 Qxd2+ 10. Kxd2 e6 11. Ne2 Na6 12. Nc3 h5 13. Nxe4 dxe4 14. h4 f6 15. c5 Nb4 16. a3 Nd5 17. Bg3 0-0-0 18. Bc4 g6 19. Rc2 Bh6 20. b4 a6 21. Bxd5 Rxd5 22. Ke2 e5 23. dxe5 fxe5 24. Rd1 Rxd1 25. Kxd1 Rd8+ 26. Kc1 Rd3 27. Kb2 Bg7 28. Rc4 Rd1 29. Rxe4 Rg1 30. Bxe5 Bxe5+ 31. Rxe5 Rxg2 32. Re8+ Kd7 33. Rf8 Rg4 34. Rf4 Rg2 35. Kc2 g5 36. hxg5 Rxg5 37. Rh4 Rf5 38. f4 Rd5 39. Rh3 Ke6 40. Kc3 Kf6 41. e4 Rd8 42. Rxh5 Kg6 43. Rg5+ Kf6 44. e5+ Ke6 45. Rg6+ Kf5 46. Rd6 Rb8 47. Kd4 Kxf4 48. Rf6+ Kg5 49. Ke4 Rh8 50. Rf5+ Kg6 51. e6 Rh1 52. Rf3 Re1+ 53. Re3 Rxe3+ 54. Kxe3 Kf6 55. Kf4 Kxe6 56. Ke4 Kd7 57. Kf5 Kc7 58. Ke6 b6 59. cxb6+ Kxb6 60. Kd6 Kb5 61. a4+ Kxa4 62. Kxc6 Kxb4 63. Kd5 a5 64. Kd4 Kb3 0-1

[Event "Bratislava Doprastav op"]
[Site "Bratislava"]
[Date "2008.07.01"]
[Round "5"]
[White "Klacik, Ondrej"]
[Black "Povraznik, Peter"]
[Result "0-1"]
[WhiteElo "1453"]
[BlackElo "1757"]
[PlyCount "80"]
[EventDate "2008.06.28"]
[EventType "swiss"]
[EventRounds "7"]
[EventCountry "SVK"]
[SourceTitle "CBM 125 Extra"]
[Source "ChessBase"]
[SourceDate "2008.09.01"]
[SourceVersion "1"]
[SourceVersionDate "2008.09.01"]
[SourceQuality "1"]

1. Nf3 Nf6 2. Nc3 Nc6 3. e4 e5 4. d4 exd4 5. Nxd4 Bb4 6. Nxc6 dxc6 7. Qf3 0-0 8. Bg5 Bg4 9. Bxf6 Bxf3 10. Bxd8 Bxe4 11. 0-0-0 Bxc3 12. bxc3 Raxd8 13. Rxd8 Rxd8 14. f3 Bd5 15. c4 Be6 16. Bd3 g6 17. h4 Rd4 18. h5 c5 19. h6 Bxc4 20. Re1 Kf8 21. Be4 c6 22. c3 Rd7 23. a4 a6 24. a5 f5 25. Bc2 Kf7 26. g4 fxg4 27. fxg4 Kf6 28. Re4 Bd5 29. Re1 Kg5 30. Rd1 Re7 31. Rg1 Kxh6 32. g5+ Kg7 33. Bd3 c4 34. Bc2 Re2 35. Rf1 Re5 36. Rf6 Bf7 37. Rd6 Rxa5 38. Rd7 Rxg5 39. Rxb7 Kf6 40. Rb6 Bd5 0-1

[Event "Bratislava Doprastav op"]
[Site "Bratislava"]
[Date "2008.06.30"]
[Round "4"]
[White "Majsik, Vendelin"]
[Black "Klacik, Ondrej"]
[Result "1-0"]
[WhiteElo "1778"]
[BlackElo "1453"]
[PlyCount "41"]
[EventDate "2008.06.28"]
[EventType "swiss"]
[EventRounds "7"]
[EventCountry "SVK"]
[SourceTitle "CBM 125 Extra"]
[Source "ChessBase"]
[SourceDate "2008.09.01"]
[SourceVersion "1"]
[SourceVersionDate "2008.09.01"]
[SourceQuality "1"]

1. c4 Nf6 2. Nc3 e5 3. Nf3 Nc6 4. d4 e4 5. Ng5 Bb4 6. f3 Bxc3+ 7. bxc3 exf3 8. Nxf3 Ne4 9. Qc2 f5 10. e3 Qe7 11. Bd3 g5 12. 0-0 g4 13. Nd2 0-0 14. Nxe4 fxe4 15. Rxf8+ Qxf8 16. Bxe4 h5 17. Bd5+ Kh8 18. Qg6 d6 19. Qxh5+ Kg7 20. e4 Qh8 21. Qf7# 1-0

[Event "Bratislava Doprastav op"]
[Site "Bratislava"]
[Date "2008.06.28"]
[Round "1"]
[White "Kucera, Michal"]
[Black "Klacik, Ondrej"]
[Result "1-0"]
[WhiteElo "1943"]
[BlackElo "1453"]
[PlyCount "139"]
[EventDate "2008.06.28"]
[EventType "swiss"]
[EventRounds "7"]
[EventCountry "SVK"]
[SourceTitle "CBM 125 Extra"]
[Source "ChessBase"]
[SourceDate "2008.09.01"]
[SourceVersion "1"]
[SourceVersionDate "2008.09.01"]
[SourceQuality "1"]

1. e4 Nf6 2. e5 Ne4 3. d3 Nc5 4. d4 Na4 5. Nf3 d5 6. Be2 Bg4 7. h3 Bxf3 8. Bxf3 e6 9. 0-0 Nc6 10. c3 Nb6 11. Be2 a6 12. b3 f6 13. f4 g5 14. exf6 Qxf6 15. Bh5+ Kd7 16. fxg5 Qd8 17. Bg4 Bd6 18. Rf7+ Kc8 19. Bxe6+ Kb8 20. c4 dxc4 21. Bxc4 Nxc4 22. bxc4 Ne5 23. Rf1 Nxc4 24. Qc2 b5 25. a4 Qe7 26. axb5 Ne3 27. Bxe3 Qxe3+ 28. Qf2 Qxf2+ 29. Rxf2 Re8 30. Nd2 axb5 31. Rxa8+ Kxa8 32. Nf3 c5 33. Ra2+ Kb7 34. dxc5 Bxc5+ 35. Kf1 b4 36. h4 Rf8 37. Ke2 Rf4 38. Kd3 Kb6 39. Re2 Rf7 40. Kc4 Rc7 41. Re6+ Ka5 42. Re5 Kb6 43. Kb3 Bd6 44. Re3 Ra7 45. Rd3 Ra3+ 46. Kc4 Rxd3 47. Kxd3 Ka5 48. Kc2 Ka4 49. h5 Ka3 50. Kb1 Bf8 51. Nd4 Bg7 52. Nf5 Bc3 53. g6 hxg6 54. hxg6 b3 55. g7 Bxg7 56. Nxg7 b2 57. g4 Kb4 58. Nf5 Kc5 59. Kxb2 Kd5 60. Kc3 Ke5 61. Kd3 Kf4 62. Ne3 Kg5 63. Ke4 Kf6 64. Kf4 Kg6 65. g5 Kf7 66. Kf5 Kg7 67. g6 Kf8 68. Kf6 Kg8 69. g7 Kh7 70. Kf7 1-0